00314cam a2200121ua 4500041001000000082001800010100002500028245006100053250001200114260004900126300001200175504000500187 aengh a614.3bBAR/FO aBarbara callow, A . aFood and Health / cA.Barbara callow.hTextual Documents a3 / b. a : bOxford at the Clarendon Press , c1946. a184 ; . a